"Érdeklődése már kapcsolat" A pénz vására is....

Elmentve itt :
Bibliográfiai részletek
Dokumentumtípus: Cikk
Megjelent: 1990-07-02
Sorozat:Délmagyarország 80 No. 159
Kulcsszavak:Szegedi Ipari Vásár és Kiállítás
Online Access:http://dmarchiv.bibl.u-szeged.hu/107792
LEADER 00454nab a2200145 i 4500
001 delm107792
005 20190924153447.0
008 190924s1990 hu o 0|| hun d
040 |a SZTE Délmagyarország Archívum  |b hun 
041 |a hun 
245 0 0 |a "Érdeklődése már kapcsolat"   |h [elektronikus dokumentum] :  |b A pénz vására is.... 
260 |c 1990-07-02 
300 |a 1 
490 0 |a Délmagyarország  |v 80 No. 159 
695 |a Szegedi Ipari Vásár és Kiállítás